000
00272nam a22001217a 4500
008
181106b xxu||||| |||| 00| 0 eng d
041
_a
eng
080
_2
2nd
_a
610
100
_a
4
101
_a
SHM
245
_a
Evaluation of Permanent Impairment
_c
AMA
942
_2
udc
_c
BK
999
_c
51920
_d
51920